[Event "Mestre Sociale-ch"]
[Site "Mestre "]
[Date "2001.03.06"]
[Round "9"]
[White "Forzin, Gianluca"]
[Black "Orza, Pierantonio"]
[Result "0-1"]
[WhiteElo "1000"]
[BlackElo "1600"]
[PlyCount "66"]
[EventDate "2001.01.15"]
[EventType "swiss"]
[EventRounds "10"]
[EventCountry "ITA"]
[SourceTitle "EXT 2005"]
[Source "ChessBase"]
[SourceDate "2004.11.15"]
[SourceVersion "1"]
[SourceVersionDate "2004.11.15"]
[SourceQuality "1"]

1. e4 c6 2. d4 d5 3. exd5 cxd5 4. Nf3 Nf6 5. c4 e6 6. c5 Nc6 7. Bb5 Bd7 8. Bxc6 Bxc6 9. 0-0 Be7 10. Nc3 0-0 11. Ne5 Qc7 12. Bf4 Qd8 13. b4 a6 14. a4 Qe8 15. Qb3 Nh5 16. b5 axb5 17. axb5 Nxf4 18. bxc6 bxc6 19. Ra3 Rxa3 20. Qxa3 f6 21. Nf3 Qc8 22. Ra1 Qb7 23. g3 Nd3 24. Rb1 Qa8 25. Qxa8 Rxa8 26. Rb6 Ra3 27. Ne2 Ra2 28. Kf1 Ra1+ 29. Ne1 Rxe1+ 30. Kg2 Rxe2 31. Rxc6 Rxf2+ 32. Kh3 Kf7 33. Rc8 Rc2 0-1

[Event "Mestre Sociale-ch"]
[Site "Mestre "]
[Date "2001.02.20"]
[Round "7"]
[White "Forzin, Gianluca"]
[Black "Bozzao, Francesco"]
[Result "0-1"]
[WhiteElo "1000"]
[BlackElo "1570"]
[PlyCount "58"]
[EventDate "2001.01.15"]
[EventType "swiss"]
[EventRounds "10"]
[EventCountry "ITA"]
[SourceTitle "EXT 2005"]
[Source "ChessBase"]
[SourceDate "2004.11.15"]
[SourceVersion "1"]
[SourceVersionDate "2004.11.15"]
[SourceQuality "1"]

1. e4 c5 2. Nf3 d6 3. Bc4 Nf6 4. Ng5 e6 5. c3 h6 6. Nf3 Nxe4 7. d4 d5 8. Bb3 Bd7 9. 0-0 cxd4 10. cxd4 Nc6 11. Bf4 Be7 12. Nc3 Nxc3 13. bxc3 Rc8 14. Bc2 Na5 15. Qd3 a6 16. Qe3 Nc4 17. Qd3 Bb5 18. Rfe1 g5 19. Bg3 g4 20. Nd2 Na3 21. Qe3 Nxc2 22. Qe5 Bf6 23. Qh5 Nxa1 24. Rxe6+ Kf8 25. Bd6+ Kg8 26. Qxg4+ Bg5 27. Be7 Rxc3 28. Bxd8 Rc1+ 29. Nf1 Rxf1# 0-1

[Event "Mestre Sociale-ch"]
[Site "Mestre "]
[Date "2001.??.??"]
[Round "1"]
[White "Forzin, Gianluca"]
[Black "Lanzetta, Alberto"]
[Result "1-0"]
[WhiteElo "1000"]
[BlackElo "1000"]
[PlyCount "73"]
[EventDate "2001.01.15"]
[EventType "swiss"]
[EventRounds "10"]
[EventCountry "ITA"]
[SourceTitle "EXT 2005"]
[Source "ChessBase"]
[SourceDate "2004.11.15"]
[SourceVersion "1"]
[SourceVersionDate "2004.11.15"]
[SourceQuality "1"]

1. e4 g6 2. c3 Bg7 3. d4 d6 4. Bf4 b6 5. Bg3 Bb7 6. Bd3 Nd7 7. Nf3 e6 8. 0-0 Ne7 9. Qe2 0-0 10. Nbd2 Rc8 11. e5 Bxf3 12. Nxf3 d5 13. Nh4 c5 14. f4 Nc6 15. Nf3 c4 16. Bc2 a6 17. a4 Ra8 18. h4 b5 19. axb5 axb5 20. b4 cxb3 21. Bxb3 Qb6 22. Bf2 Ra5 23. Ra2 Rfa8 24. Rfa1 Rxa2 25. Rxa2 Rxa2 26. Bxa2 Qa5 27. Be1 Qa3 28. Bb1 Qb3 29. Bd3 Na7 30. Ng5 Nb6 31. h5 Na4 32. hxg6 hxg6 33. f5 exf5 34. e6 Nxc3 35. exf7+ Kh8 36. Qe8+ Bf8 37. Qxf8# 1-0

[Event "Mestre Sociale-ch"]
[Site "Mestre "]
[Date "2001.??.??"]
[Round "4"]
[White "Forzin, Gianluca"]
[Black "Vianello, Enrico"]
[Result "0-1"]
[WhiteElo "1000"]
[BlackElo "1880"]
[PlyCount "62"]
[EventDate "2001.01.15"]
[EventType "swiss"]
[EventRounds "10"]
[EventCountry "ITA"]
[SourceTitle "EXT 2005"]
[Source "ChessBase"]
[SourceDate "2004.11.15"]
[SourceVersion "1"]
[SourceVersionDate "2004.11.15"]
[SourceQuality "1"]

1. e4 d6 2. Nf3 g6 3. d4 Bg7 4. c3 Nf6 5. Bd3 a6 6. Bf4 b5 7. a3 Bb7 8. Nbd2 Nbd7 9. 0-0 0-0 10. Re1 c5 11. Rc1 Rc8 12. Bc2 a5 13. Nf1 b4 14. axb4 axb4 15. Ng3 Qb6 16. Qd3 Ne8 17. Qe3 Nc7 18. Rb1 Nb5 19. Red1 cxd4 20. Nxd4 Nxd4 21. Rdc1 Nxc2 22. Qxb6 Nxb6 23. Rxc2 Na4 24. Bd2 Nc5 25. f3 Nd3 26. Ne2 b3 27. Rcc1 Nxc1 28. Rxc1 Ba6 29. Nd4 Bxd4+ 30. cxd4 Rc2 31. Bc3 Rxc1+ 0-1